[Event "GER-ch U25-C"]
[Site "Willingen"]
[Date "2023.05.31"]
[Round "6"]
[White "Anh, David"]
[Black "Fize, Aleksandrs"]
[Result "0-1"]
[WhiteElo "1041"]
[BlackElo "1154"]
[PlyCount "92"]
[EventDate "2023.05.27"]
[EventType "swiss"]
[EventRounds "9"]
[EventCountry "GER"]
[SourceTitle "CBM 214 Extra"]
[Source "ChessBase"]
[SourceDate "2023.07.31"]
[SourceVersion "1"]
[SourceVersionDate "2023.07.31"]
[SourceQuality "1"]

1. e4 c5 2. c4 e6 3. Ne2 Nc6 4. Ng3 a6 5. Nc3 b6 6. Nge2 Bb7 7. d3 Nf6 8. g3 d5 9. Bg2 d4 10. e5 Nd7 11. Ne4 Ndxe5 12. 0-0 Be7 13. a3 a5 14. Bf4 Qc7 15. b3 0-0 16. Qc2 f5 17. Nd2 g5 18. Bxe5 Nxe5 19. f4 Bxg2 20. Kxg2 Qc6+ 21. Kg1 Ng4 22. Rf3 Ne3 23. Qc1 g4 24. Rf2 h5 25. Nf1 Nxf1 26. Qxf1 h4 27. Qe1 Kf7 28. Kf1 Rh8 29. Ng1 hxg3 30. hxg3 Rh1 31. Raa2 Rah8 32. Ke2 R8h2 33. Kd1 Rxg1 34. Qxg1 Rh1 35. Qxh1 Qxh1+ 36. Ke2 Qc6 37. Ra1 b5 38. cxb5 Qxb5 39. Rb1 a4 40. Rh2 axb3 41. Rh7+ Ke8 42. Rh8+ Kd7 43. Ra8 b2 44. Ra7+ Kd6 45. a4 Qb3 46. Kd2 Qc3+ 0-1